000 00697nam a2200277Ia 4500
005 20260324142628.0
008 008 260324s9999 xx 000 0 eng d
020 _a9780203052662
037 _aEBOOK
040 _aCRL
040 _beng
040 _cCRL
041 _2eng
041 _aeng
084 _qCRL
100 _aOla Hallden; Catherine Stainton; Gaea Leinhardt; Isabel L. Beck; Ola Hallden
_91212662
245 0 _aTeaching and Learning in History
260 _bTaylor and Francis
260 _c1994
365 _a
365 _b230
856 _uhttp://www.taylorfrancis.com/books/9780203052662
942 _cEBOOK
999 _c1817057
_d1817057